00805cam a22002534a 45000010009000000050017000090080041000260100017000670200015000840400018000990410008001170420008001250430012001330800018001450820022001631000007001851010008001922450096002005040064002969060045003609420012004059990017004179520117004341220378620180221065928.0001017s2001 vaua bs 001 0 eng  a 00012007  a0871205041 aDLCcDLCdDLC aeng apcc an-us--- a371.102 ROB00a371.102 ROB2211 a49 aEDU10aClassroom instruction that works :cRobert J. Marzano, Debra J. Pickering, Jane E. Pollock. aIncludes bibliographical references (p. 161-173) and index. a7bcbccorignewd1eecipf20gy-gencatlg 2ddccBK c43037d43037 00102udc40708PËKGa002b002cPËKGd2018-02-21l0o371.102 ROBp002-2999830r2018-02-21w2018-02-21yBK